Subjektívne hodnotenie rizík kvality produkcie

Prezentácia prístupov k subjektívnemu hodnoteniu rizík, ktoré môžu napomôcť k zvýšeniu presnosti ich odhadu.

Salvato in:
Dettagli Bibliografici
Autore principale: Turisová, Renáta
Altri autori: Pachta, Miloš
Natura: Capitolo di libro
Lingua:slovacco
Soggetti:
Tags: Aggiungi Tag
Nessun Tag, puoi essere il primo ad aggiungerne!!

MARC

LEADER 00000naa a2200000 4500
001 0225895
005 20240502073715.9
041 0 |a slo 
044 |a SK 
245 1 0 |a Subjektívne hodnotenie rizík kvality produkcie  |c Renáta Turisová, Miloš Pachta 
520 |a Prezentácia prístupov k subjektívnemu hodnoteniu rizík, ktoré môžu napomôcť k zvýšeniu presnosti ich odhadu. 
610 2 0 |a riadenie kvality 
610 2 0 |a riziko 
610 2 0 |a náklady 
610 2 0 |a riziko podnikateľské 
100 1 |a Turisová, Renáta 
700 1 |a Pachta, Miloš